000 00618nam a2200181 a 4500
001 000023564
005 20200930022318.0
008 101213s1989 sp r 000 f spa d
020 _a8440719795
040 _aDO-SdBNP
_bspa
_cBNPHU
082 _aNNN
_bT692c
100 1 _aTorrente Ballester, Gonzalo,
_d1910-1999.
_94745
245 1 0 _aCrónica del rey pasmado :
_bscherzo en re(y) mayor alegre, más no demasiado /
_cGonzalo Torrente Ballester.
260 _aMadrid :
_bClub Internacional del Libro,
_bUniversidad de Alcalá,
_c1989.
300 _a174 p. ;
_c21 cm.
586 _aPremio Cervantes, 1985
049 _aBNGR
999 _c23060
_d23060